000 00408nam a2200157Ia 4500
008 210716s2008 xx 000 0 und d
020 _a9780195694574
041 _aeng
082 _a658.15 SRIR
100 _aSrivastava, Rajiv;Misra, Anil.
245 _aFinancial management.
250 _a1
260 _aNew Delhi
_bOxford University Press
_c2008
300 _axv,794
650 _aFinancial Management
999 _c203842
_d203842